Регионална библиотека "Любен Каравелов" - Русе

Нормален изглед MARC изглед
  • Вежинов, Павел

Вход 01. Лично име

Брой записи, използвани в: 0

001 - Контролен номер на записа

  • Контролно поле: 249347

003 - Код на организацията, даваща контролен номер

  • Контролно поле: BLK

005 - Дата и час на последна промяна на записа

  • Контролно поле: 20230628163236.0

008 - Данни с фиксирана дължина – обща информация

  • Данни с фиксирана дължина : 180420|| aca||aabn | a|a d

100 ## - ИМЕ НА ЛИЦЕ -ПЪРВИЧНА ИНТЕЛЕКТУАЛНА ОТГОВОРНОСТ

  • Лично име: Вежинов, Павел
  • Дати, свързани с автора: 1914–1983
  • Пълна форма на името: Гугов, Никола Делчев

942 ## - Системна служебна употреба

  • Koha auth type: PERSO_NAME
Vip Innovations Ltd, Rousse, Bulgaria 2025